000 00444nam a2200205Ia 4500
001 13071
003 GE_BSU
008 181216s||||||||xx |||||||||||||| ||und||
020 _a9780747580638
040 _cGE_BSU
080 _a821.111-3
100 _aTrollope,Joanna.
245 _aSecond Honeymoon.
260 _aLondon.
260 _bBloomsbury.
260 _c2006
300 _a323p;24cm.
653 _aSecond Honeymoon.
942 _cBK
999 _c46238
_d46238